Captain Underpants and the wrath of the wicked Wedgie Woman / (Record no. 562)

MARC details
000 -LEADER
fixed length control field 02359cam a2200565 i 4500
005 - DATE AND TIME OF LATEST TRANSACTION
control field 20230616134014.0
020 ## - INTERNATIONAL STANDARD BOOK NUMBER
International Standard Book Number 9781338216233
020 ## - INTERNATIONAL STANDARD BOOK NUMBER
International Standard Book Number 1338216236
020 ## - INTERNATIONAL STANDARD BOOK NUMBER
International Standard Book Number 9781544402291
Qualifying information (FollettBound)
020 ## - INTERNATIONAL STANDARD BOOK NUMBER
International Standard Book Number 1544402295
Qualifying information (FollettBound)
040 ## - CATALOGING SOURCE
Original cataloging agency CHILD
Language of cataloging eng
Transcribing agency CHILD
Description conventions rda
Modifying agency BTCTA
-- YDX
-- JTD
-- IEP
-- OCLCO
-- CHY
-- OCJ
-- OCLCO
-- ZHB
-- OCLCF
-- TCH
-- VP@
-- OCL
-- MULAP
-- QT4
-- OCLCA
-- CGB
-- DLC
050 00 - LIBRARY OF CONGRESS CALL NUMBER
Classification number PZ7.P63123
Item number Caw 2018
082 04 - DEWEY DECIMAL CLASSIFICATION NUMBER
Classification number [Fic]
Edition number 23
100 1# - MAIN ENTRY--PERSONAL NAME
Personal name Pilkey, Dav,
Dates associated with a name 1966-
Relator term author,
-- illustrator.
245 10 - TITLE STATEMENT
Title Captain Underpants and the wrath of the wicked Wedgie Woman /
Statement of responsibility, etc. the fifth epic novel by Dav Pilkey ; with color by Jose Garibaldi.
250 ## - EDITION STATEMENT
Edition statement First color edition.
260 ## - PUBLICATION, DISTRIBUTION, ETC.
Place of publication, distribution, etc. London :
Name of publisher, distributor, etc. Scholastic.
Date of publication, distribution, etc. 2001.
300 ## - PHYSICAL DESCRIPTION
Extent 165 pages :
Other physical details color illustrations ;
Dimensions 22 cm
500 ## - GENERAL NOTE
General note "Now in full color."
505 ## - FORMATTED CONTENTS NOTE
Formatted contents note O
520 ## - SUMMARY, ETC.
Summary, etc. When Harold and George turn fourth-grade teacher Ms. Ribble into the evil Wedgie Woman, she gives the wedgie of doom to unsuspecting people who stand in her way--including principal-turned-superhero Captain Underpants.
521 ## - TARGET AUDIENCE NOTE
Target audience note 640 <br/>
Source Lexile
521 ## - TARGET AUDIENCE NOTE
Target audience note O <br/>
Source Raz-Plus
650 #0 - SUBJECT ADDED ENTRY--TOPICAL TERM
Topical term or geographic name entry element Imagination
Form subdivision Juvenile fiction.
650 #0 - SUBJECT ADDED ENTRY--TOPICAL TERM
Topical term or geographic name entry element Schools
Form subdivision Juvenile fiction.
650 #0 - SUBJECT ADDED ENTRY--TOPICAL TERM
Topical term or geographic name entry element School principals
Form subdivision Juvenile fiction.
650 #0 - SUBJECT ADDED ENTRY--TOPICAL TERM
Topical term or geographic name entry element Heroes
Form subdivision Juvenile fiction.
650 #1 - SUBJECT ADDED ENTRY--TOPICAL TERM
Topical term or geographic name entry element Imagination
Form subdivision Fiction.
650 #1 - SUBJECT ADDED ENTRY--TOPICAL TERM
Topical term or geographic name entry element Schools
Form subdivision Fiction.
650 #1 - SUBJECT ADDED ENTRY--TOPICAL TERM
Topical term or geographic name entry element School principals
Form subdivision Fiction.
650 #1 - SUBJECT ADDED ENTRY--TOPICAL TERM
Topical term or geographic name entry element Heroes
Form subdivision Fiction.
650 #1 - SUBJECT ADDED ENTRY--TOPICAL TERM
Topical term or geographic name entry element Humorous stories.
650 #7 - SUBJECT ADDED ENTRY--TOPICAL TERM
Topical term or geographic name entry element JUVENILE FICTION / Readers / Chapter Books.
Source of heading or term bisacsh
650 #7 - SUBJECT ADDED ENTRY--TOPICAL TERM
Topical term or geographic name entry element JUVENILE FICTION / Humorous Stories.
Source of heading or term bisacsh
650 #7 - SUBJECT ADDED ENTRY--TOPICAL TERM
Topical term or geographic name entry element JUVENILE FICTION / Action & Adventure / General.
Source of heading or term bisacsh
650 #7 - SUBJECT ADDED ENTRY--TOPICAL TERM
Topical term or geographic name entry element Heroes.
Source of heading or term fast
Authority record control number or standard number (OCoLC)fst00955558
650 #7 - SUBJECT ADDED ENTRY--TOPICAL TERM
Topical term or geographic name entry element Imagination.
Source of heading or term fast
Authority record control number or standard number (OCoLC)fst00967585
650 #7 - SUBJECT ADDED ENTRY--TOPICAL TERM
Topical term or geographic name entry element School principals.
Source of heading or term fast
Authority record control number or standard number (OCoLC)fst01107681
650 #7 - SUBJECT ADDED ENTRY--TOPICAL TERM
Topical term or geographic name entry element Schools.
Source of heading or term fast
Authority record control number or standard number (OCoLC)fst01107958
655 #4 - INDEX TERM--GENRE/FORM
Genre/form data or focus term Humorous fiction.
655 #7 - INDEX TERM--GENRE/FORM
Genre/form data or focus term Humorous fiction.
Source of term fast
Authority record control number or standard number (OCoLC)fst01726649
655 #7 - INDEX TERM--GENRE/FORM
Genre/form data or focus term Fiction.
Source of term fast
Authority record control number or standard number (OCoLC)fst01423787
655 #7 - INDEX TERM--GENRE/FORM
Genre/form data or focus term Juvenile works.
Source of term fast
Authority record control number or standard number (OCoLC)fst01411637
655 #7 - INDEX TERM--GENRE/FORM
Genre/form data or focus term Humorous fiction.
Source of term lcgft
700 1# - ADDED ENTRY--PERSONAL NAME
Personal name Garibaldi, Jose,
Relator term colourist.
906 ## - LOCAL DATA ELEMENT F, LDF (RLIN)
a 7
b cbc
c copycat
d 2
e ncip
f 20
g y-gencatlg
942 ## - ADDED ENTRY ELEMENTS (KOHA)
Source of classification or shelving scheme Dewey Decimal Classification
Koha item type Books
Suppress in OPAC No
999 ## -
-- 562
-- 562
Holdings
Withdrawn status Lost status Source of classification or shelving scheme Damaged status Not for loan Collection Home library Current library Shelving location Date acquired Total Checkouts Full call number Barcode Date last seen Date last checked out Price effective from Koha item type
    Dewey Decimal Classification     Juvenile Fiction Footprints International School Library Network Toul Kork Campus Footprints International School Library Network Toul Kork Campus TK Primary Library Room(4th Floor), Bookcase 3&4, Shelves 17-32, Yellow Books 06/16/2023 7 PIL Fic PZ7.P63 FISTK00553 03/23/2026 03/07/2026 06/16/2023 Books